Mere shresht rangmanchiy hasty ekanki: (Record no. 113810)
[ view plain ]
| 000 -LEADER | |
|---|---|
| fixed length control field | 00642nam a2200205Ia 4500 |
| 003 - CONTROL NUMBER IDENTIFIER | |
| control field | OSt |
| 005 - DATE AND TIME OF LATEST TRANSACTION | |
| control field | 20250313090628.0 |
| 008 - FIXED-LENGTH DATA ELEMENTS--GENERAL INFORMATION | |
| fixed length control field | 210210b1983 xxu||||| |||| 00| 0 eng d |
| 040 ## - CATALOGING SOURCE | |
| Transcribing agency | AL |
| 041 ## - LANGUAGE CODE | |
| Language code of text/sound track or separate title | hin |
| 082 ## - DEWEY DECIMAL CLASSIFICATION NUMBER | |
| Classification number | H891.2 BAKM |
| 100 ## - MAIN ENTRY--PERSONAL NAME | |
| Personal name | BAKSHI (Swarup Kumari): |
| 9 (RLIN) | 205800 |
| 110 ## - MAIN ENTRY--CORPORATE NAME | |
| Subordinate unit | बक्शी स्वरुप कुमारी |
| 9 (RLIN) | 205801 |
| 245 ## - TITLE STATEMENT | |
| Title | Mere shresht rangmanchiy hasty ekanki: |
| Remainder of title | मेरे श्रेष्ट रंगमंचीय हस्ती एकांकी |
| 260 ## - PUBLICATION, DISTRIBUTION, ETC. | |
| Place of publication, distribution, etc. | Dilli |
| Name of publisher, distributor, etc. | Kitabghar |
| Date of publication, distribution, etc. | 1983 |
| 300 ## - PHYSICAL DESCRIPTION | |
| Extent | 88 |
| 690 ## - LOCAL SUBJECT ADDED ENTRY--TOPICAL TERM (OCLC, RLIN) | |
| Topical term or geographic name as entry element | Hindi Drama |
| 9 (RLIN) | 205802 |
| 906 ## - LOCAL DATA ELEMENT F, LDF (RLIN) | |
| a | SG02924 |
| 942 ## - ADDED ENTRY ELEMENTS (KOHA) | |
| Source of classification or shelving scheme | Dewey Decimal Classification |
| Koha item type | Book |
| Withdrawn status | Lost status | Source of classification or shelving scheme | Damaged status | Not for loan | Collection code | Home library | Current library | Shelving location | Date acquired | Cost, normal purchase price | Total Checkouts | Full call number | Barcode | Date last seen | Price effective from | Koha item type |
|---|---|---|---|---|---|---|---|---|---|---|---|---|---|---|---|---|
| Dewey Decimal Classification | Hindi | St Aloysius Library | St Aloysius Library | Secondary stack section | 02/17/2021 | 0.00 | H891.2 BAKM | SG02924 | 02/17/2021 | 02/17/2021 | Special Grants |